| 000 | 00666nam a22002177a 4500 | ||
|---|---|---|---|
| 003 | OSt | ||
| 005 | 20250625052011.0 | ||
| 008 | 250625b |||||||| |||| 00| 0 eng d | ||
| 020 | _a978-1-68095-599-6 | ||
| 040 |
_aDWCL - Main lib _cOC |
||
| 082 | _aCirc. 363.348 D541 2017 | ||
| 100 | _a3G E- Learning | ||
| 245 |
_aDisaster readiness and risk reduction/ _c3G E- Learning |
||
| 260 |
_aUAE: _b3G E learning, _c c2017 |
||
| 300 |
_av,161 pages: _billustrations; _c27cm.. -- + 1 CD-Rom ( 4 3/4 in.) |
||
| 504 | _aIncludes index. | ||
| 650 | _a1. Emergency management | ||
| 650 | _a2. Preparedness | ||
| 650 | _a3. Survival | ||
| 942 |
_2ddc _cBK-CIRC _kCirc. _n0 |
||
| 999 |
_c3275 _d3275 |
||